Quizzes
Events
Quiz Creation
Community
Videos
Private Events
Remove Ads
Sign In
Join for FREE
Feedback
Dark Mode
Quiz Categories
Sports
Geography
Music
Movies
Television
Just For Fun
Miscellaneous
History
Literature
Language
Science
Gaming
Entertainment
Religion
Holiday
For Kids
Quiz Lab
Recent
Popular Today
Quiz Kudos Today
Editor Picks
Curator Picks
Quizzes by...
Day
Popularity
Type
Ratings
Length
Year
Community
Subscriptions
Recent Discussions
Orange Saloon
Badges
Playlists
Quests
Create
Leaderboards
Showdown
Live 5
Trivia Bingo
Activity
Puzzle Library
Sporcle Events
Private Events
Virtual Trivia
Globe League
Become a Host
Pub Owners
SporcleCon
Opinionation
Our Games
Videos
Blog
Mobile Apps
Partnerships
Remove Ads and Go Orange
Feedback
Music
Pop Music
The Beatles
Song
Album
Lyrics
Bands
Singers
Artist
Clip
Rock
Rap
Classical
Billboard
Country Music
Kpop
Taylor Swift
Music
Pop Music
The Beatles
Song
Album
Lyrics
Bands
Singers
Artist
Clip
Rock
Rap
Classical
Billboard
Country Music
Kpop
Taylor Swift
Random Quiz
Search Sporcle
×
Quiz Lab
Quiz Lab
Music
Song
Type in answers that appear in a list
Type in answers that appear in a list
Classic
Best Score? Go Orange.
Lex Luger or Not? Stats
Can you name the beats by Lex Luger and the beats that are not from him?
By
JerkyMcJerkJerk
5m
20 Questions
97 Plays
97 Plays
97 Plays
Comments
Comments
Give Quiz Kudos
Give Quiz Kudos
-
- Ratings
hide this ad
Forced Order
Answers have to be entered in order
Answers have to be entered in order
Wrong Answers
Some wrong answers will appear in red
Some wrong answers will appear in red
Replay
Link that replays current quiz
Next Quiz
Link to next quiz in quiz playlist
You Got
0%
They Got
Avg Score
56%
Avg Friend Score
Upgrade to see
Score Distribution
Jump to the score distribution portion of the page
Score
0/20
Timer
05:00
0
Plays Today
Time
Type `LL´ or `not´
% Correct
1:10-
1:20
???
80.4%
0:30-
0:40
???
79.4%
0:00-
0:10
???
78.4%
0:20-
0:30
???
76.3%
1:30-
1:40
???
74.2%
1:50-
2:00
???
74.2%
2:50-
3:00
???
74.2%
2:10-
2:20
???
71.1%
0:10-
0:20
???
57.7%
1:40-
1:50
???
52.6%
Time
Type `LL´ or `not´
% Correct
0:40-
0:50
???
43.3%
1:20-
1:30
???
41.2%
0:50-
1:00
???
39.2%
2:20-
2:30
???
30.9%
1:00-
1:10
???
25.8%
2:00-
2:10
???
23.7%
3:00-
3:10
???
23.7%
2:40-
2:50
???
21.6%
2:30-
2:40
???
15.5%
3:10-
3:20
???
14.4%
Quiz Playlist
Details
Report
Send in Message
Add To Playlist
Classic:
Type in answers that appear in a list
Forced Order:
Answers have to be entered in order
Wrong Answers:
Some wrong answers will appear in red
Last Updated: Feb 16, 2017
Quiz Scoreboard
CHALLENGE
Sign Up to Join the Scoreboard
Show All
Scores
Hide
Comments
May contain spoilers
Recently Published
Click the 1999 NBA Draft
by nibperrychub
Sports
2m
Alphabetical 'K' Countries by Flag Minefield
by ylime102
Geography
3m
Pick 6: Fruits
by JohnFran
Miscellaneous
15s
More to Explore
Quiz From the Vault
Featured Blog Post
15 Basketball Trivia Facts You Can Be March Mad About
hide this ad
You Might Also Like...
Tags
Artist Quiz
Song Quiz
beat
Lex
Lex Luger
Luger
Today's Top Quizzes in Music
Browse Music
hide this ad
Today's Top Quizzes in Song
Browse Song
Top Contributed Quizzes in Music
1
KPOP LOGIC QUIZ
2
Taylor Swift All Songs (2024)
3
NCT 2020 Logic Puzzle
4
Taylor Swift Logic Puzzle
5
Lana Del Rey songs - match the song with the album
6
Taylor Swift: Logic Puzzle
7
Guess The Taylor Swift Lyrics Song #1
8
Joni Mitchell—'Car on a Hill' Lyrics
9
kpop group name match up
10
Guess the Taylor Swift song (Mystery Song)
Explore More
Trending Topics
Kpop
Crossword
Anime
Marvel
NBA
Disney
Harry Potter
Soccer
Country
Pokémon
Puzzle
NFL
The Office
WWE
Song
hide this ad
More By:
JerkyMcJerkJerk
Quiz
Plays
Rating
Category
Featured
Created
Lex Luger or Not?
97
5.00
Music
Jul 9, 2011
Name That Producer
31
5.00
Music
May 19, 2011
Go to Creator's Profile
Score Distribution
Quiz Creator Spotlight
JerkyMcJerkJerk
Follow
Send a Message
Quizzes Created
-
Created Quiz Play Count
-
More By This Creator
Popular Quizzes Today
1
Find the US States - No Outlines Minefield
2
Countries of Asia Without Outlines Minefield
3
Pick 6: Fruits
4
Alphabetical 'K' Countries by Flag Minefield
5
The Countries of the World
6
Click the 1999 NBA Draft
7
Match the Book to the Film X
8
Find the US States
More Music Quizzes
5-Word Taylor Swift Songs
Quiz Lab
Trending Quizzes
Pick 6: Harry Potter
Pick 6: Golfers
Donkey Kong Minefield
DC Extended Universe: Oldest to Newest
Multiplication Danger Zone
Recently Updated
Women's Final Four Teams by Year
bhenderson79
Presidents Quartet II
eogle
Anything But Clue(do)
eogle
Anything But Oceanian Capitals
eogle
Anything But 7
eogle
Anything But Thing
eogle
Word Ladder: February 29
pecheneg
Song Title Questions
pecheneg
Women's NCAA Tournament #1 Seeds
pecheneg
Celebrity Mug Shots
pecheneg
Trending Topics
Anime
NBA
Kpop
Disney
Harry Potter
Crossword
Marvel
Country
WWE
Soccer
Pokémon
The Office
Puzzle
Song
NFL
Your Account Isn't Verified!
In order to create a playlist on Sporcle, you need to verify the email address you used during registration. Go to your
Sporcle Settings
to finish the process.
Report this User
Report this user for behavior that violates our
Community Guidelines
.
Details:
Send Report
Go to the Sporcle.com Mobile Site →
Comments